| 000 | 01852nam1a2200265 i 4500 | ||
|---|---|---|---|
| 001 | RU\NLR\BIBL_A\011550687 | ||
| 005 | 20260503053810.0 | ||
| 035 | _a(NLR Aleph) 011550687 | ||
| 090 |
_a12241915 _c12241915 |
||
| 100 | _a20171129g20169999um y0rusy50 ca | ||
| 101 | 0 | _arus | |
| 102 | _aRU | ||
| 105 | _a||||z|||||||| | ||
| 200 | 1 |
_aБолезни кишечника в работе врача общей практики (семейного врача) _eпрактическое пособие _fМинистерство здравоохранения Чувашской Республики, Государственное автономное учреждение Чувашской Республики дополнительного профессионального образования "Институт усовершенствования врачей" _g[авторы-составители: Л.В. Тарасова и др. _gответственный редактор: д.м.н., проф. Е.Г. Артемьева] |
|
| 210 |
_aЧебоксары _cГАУ ДПО "Институт усовершенствования врачей" Минздрава Чувашии _d2016 |
||
| 215 | _d21 | ||
| 606 |
_aКишечник _jРуководства, пособия и т.п _xБолезни _9953317 _3RU\NLR\AUTH\6635933 |
||
| 686 | 1 | _aР413.3я77 | |
| 702 | 1 |
_4220 _aТарасова _bЛ. В. _cд-р мед. наук _f1972- _gЛариса Владимировна _9128206 _3RU\NLR\AUTH\770128233 |
|
| 702 | 1 |
_aАртемьева _bЕ. Г. _gЕлена Геннадьевна _4340 |
|
| 712 | 0 | 2 |
_4475 _aИнститут усовершенствования врачей _cЧебоксары _9802703 _3RU\NLR\AUTH\8810153791 |
| 852 |
_aNLR _j2017-3/32837 |
||
| 942 | _cBOOK | ||